[Event "URS-ch otbor56"]
[Site "Blagoveshchensk"]
[Date "1988.??.??"]
[Round "?"]
[White "Zilberstein, Valery I"]
[Black "Novikov, Igor A"]
[Result "1/2-1/2"]
[WhiteElo "2350"]
[BlackElo "2500"]

1.d4 Nf6 2.c4 e6 3.g3 d5 4.Nf3 dxc4 5.Bg2 a6 6.O-O b5 7.Ne5 Nd5 8.a4 Bb7
9.e4 Nf6 10.axb5 axb5 11.Rxa8 Bxa8 12.Nc3 c6 13.d5 Be7 14.dxe6 fxe6 15.Qe2 O-O
16.Bh3 Qc8 17.Nf3 Na6 18.Ng5 Nc7 19.Bf4 Nfe8 20.Qg4 Nf6 21.Qe2 Nfe8 22.Qg4 Nf6
23.Qxe6+ Nxe6 24.Bxe6+ Kh8 25.Bxc8 Rxc8 26.Ra1 c5 27.Bd6 b4 28.Nb5 Bxd6 29.Nxd6 Rb8
30.e5 c3 31.exf6 gxf6 32.Nge4 cxb2 33.Rb1 Bxe4 34.Nxe4 c4 35.Rxb2 b3 36.Kg2 f5
37.Nc3 Kg7 38.Rd2 Kf6 39.Kf3 b2 40.Nb1 Ke5 41.Ke2 Rb3 42.Kd1 Ke4 43.Kc2 Kf3
44.Rd5 Kg2 45.Rxf5 Kxh2 46.Nd2 Rb7  1/2-1/2

[Event "Lvov"]
[Site "Lvov"]
[Date "1988.??.??"]
[Round "?"]
[White "Huzman, Alexander"]
[Black "Novikov, Igor A"]
[Result "1/2-1/2"]
[WhiteElo "2490"]
[BlackElo "2485"]

1.d4 Nf6 2.c4 e6 3.Nf3 d5 4.Nc3 dxc4 5.e4 Bb4 6.Bg5 c5 7.Bxc4 cxd4 8.Nxd4 Bxc3+
9.bxc3 Qa5 10.Bxf6 Qxc3+ 11.Kf1 gxf6 12.Rc1 Qa5 13.Bb5+ Ke7 14.e5 fxe5 15.Qh5 Nd7
16.Qg5+ Kf8 17.Rxc8+ Rxc8 18.Bxd7 Qd8 19.Nxe6+ fxe6 20.Qh6+ Ke7 21.Qxe6+ Kf8
22.Qf5+ Ke7  1/2-1/2

[Event "Lvov"]
[Site "Lvov"]
[Date "1988.??.??"]
[Round "?"]
[White "Novikov, Igor A"]
[Black "Sapis, Witalis"]
[Result "1-0"]
[WhiteElo "2485"]
[BlackElo "2445"]

1.d4 c6 2.c4 d5 3.Nf3 Nf6 4.Nc3 dxc4 5.a4 Bg4 6.Ne5 Bh5 7.h3 Nbd7 8.Nxc4 e6
9.g4 Bg6 10.Bg2 Bb4 11.O-O a5 12.e4 O-O 13.Qe2 Nb6 14.Nxb6 Qxb6 15.f4 h6
16.f5 exf5 17.gxf5 Bh5 18.Qf2 Nd7 19.Kh1 f6 20.Qh4 Be8 21.Be3 Rf7 22.Rg1 Bf8
23.Qf2 Qb4 24.Bf3 Kh8 25.Rg2 Re7 26.Rag1 Bf7 27.Qh4 Bb3 28.Ne2 c5 29.Nf4 cxd4
30.Ng6+ Kg8 31.Nxe7+ Qxe7 32.Bxh6 Ne5 33.Bxg7 Nxf3 34.Bxf8+ Kxf8 35.Qh8+  1-0

[Event "URS-chT"]
[Site "Naberezhnie Chelni"]
[Date "1988.??.??"]
[Round "?"]
[White "Novikov, Igor A"]
[Black "Dolmatov, Sergey"]
[Result "1/2-1/2"]
[WhiteElo "2500"]
[BlackElo "2550"]

1.d4 e6 2.c4 f5 3.g3 Nf6 4.Bg2 c6 5.Nf3 d5 6.O-O Bd6 7.b3 Qe7 8.Bb2 O-O 9.Nbd2 b6
10.Ne5 Bb7 11.cxd5 cxd5 12.Ndf3 Nbd7 13.Rc1 Rfc8  1/2-1/2

[Event "URS-chT"]
[Site "Naberezhnie Chelni"]
[Date "1988.??.??"]
[Round "?"]
[White "Novikov, Igor A"]
[Black "Kozlov, V."]
[Result "1-0"]
[WhiteElo "2500"]
[BlackElo "2410"]

1.d4 Nf6 2.c4 e6 3.Nf3 c5 4.d5 exd5 5.cxd5 d6 6.Nc3 g6 7.Nd2 Bg7 8.e4 O-O
9.Be2 Ne8 10.O-O f5 11.exf5 Bxf5 12.Nc4 Na6 13.Bf4 Nac7 14.a4 Bd3 15.Bg3 Bxc4
16.Bxc4 Nf6 17.Be2 Kh8 18.Rb1 Qd7 19.b4 Nh5 20.Bxh5 gxh5 21.bxc5 Bxc3 22.Rxb7 Qc8
23.Qb3 Bg7 24.Bxd6 Na6 25.Qb5 Rg8 26.Qxa6 Qf5 27.Qc4 h4 28.Qxh4 Qxd5 29.Re7 Rae8
30.g3 Rxe7 31.Qxe7 Qd2 32.Qe3  1-0

[Event "URS-chT"]
[Site "Naberezhnie Chelni"]
[Date "1988.??.??"]
[Round "?"]
[White "Novikov, Igor A"]
[Black "Sveshnikov, Evgeny"]
[Result "1-0"]
[WhiteElo "2500"]
[BlackElo "2450"]

1.d4 d5 2.c4 e6 3.Nf3 Nf6 4.Nc3 c6 5.cxd5 exd5 6.Qc2 Be7 7.Bg5 Na6 8.a3 Nc7
9.e3 Ne6 10.Bh4 g6 11.Bd3 Ng7 12.O-O Bf5 13.b4 O-O 14.Rfc1 Rc8 15.b5 Bxd3
16.Qxd3 Nf5 17.Bxf6 Bxf6 18.bxc6 bxc6 19.Na4 Re8 20.Qa6 Re6 21.Nc5 Re7 22.Rab1 Nd6
23.Nd2 Qe8 24.Nb7 Nxb7 25.Rxb7 Rxe3 26.fxe3 Qxe3+ 27.Kh1 Qxd2 28.Rf1 Bxd4
29.Rbxf7 Rd8 30.Qxc6 Qe2 31.Qc7 Re8 32.Qf4 Bg7 33.Rxa7 Kh8 34.Qf7 Qe5 35.Rd7 d4
36.g3 Qe4+ 37.Kg1 Rg8 38.Qf3 Qe5 39.Kg2 h5 40.Rf2 Qc5 41.Qe4 Kh7 42.Rd5 Re8
43.Qxg6+ Kxg6 44.Rxc5 Rd8 45.Rff5 h4 46.gxh4 Bf8 47.Rfd5 Rb8 48.Rc6+ Kh7
49.a4 Rb2+ 50.Kf3 Bg7 51.Rd7 Rb3+ 52.Kg4 d3 53.Rcc7 Kh8 54.Rxg7  1-0

[Event "URS-chT"]
[Site "Naberezhnie Chelni"]
[Date "1988.??.??"]
[Round "?"]
[White "Gipslis, Aivars"]
[Black "Novikov, Igor A"]
[Result "1/2-1/2"]
[WhiteElo "2485"]
[BlackElo "2500"]

1.e4 c5 2.Nf3 d6 3.c3 Nf6 4.h3 g6 5.Bd3 Bg7 6.Bc2 O-O 7.O-O e5 8.d3 Nc6 9.Re1 Re8
10.Be3 b6 11.Nbd2 d5 12.Bg5 Bb7 13.Bb3 Na5 14.Ba4 Bc6 15.b4 cxb4 16.cxb4 b5
17.exd5 Qxd5 18.Bc2 Nb7 19.Bb3 Qd6 20.Rc1 Rac8 21.Bxf6 Qxf6 22.Ne4 Qe7 23.d4 Bxe4
24.Rxe4 Nd6 25.Re1 Rxc1 26.Qxc1 e4 27.Qc6 Bf6 28.Qd5  1/2-1/2

[Event "URS Cup rapid"]
[Site "Tallinn"]
[Date "1988.??.??"]
[Round "2"]
[White "Novikov, Igor A"]
[Black "Tal, Mihail"]
[Result "1/2-1/2"]
[WhiteElo "2485"]
[BlackElo "2630"]

1.d4 Nf6 2.c4 e6 3.Nf3 d5 4.Nc3 Bb4 5.Bg5 h6 6.Bxf6 Qxf6 7.e3 c5 8.cxd5 exd5
9.Rc1 c4 10.Be2 Nc6 11.O-O Be6 12.e4 Bxc3 13.bxc3 O-O 14.Nd2 b5 15.f4 dxe4
16.Nxe4 Qg6 17.Bf3 Rad8 18.Ng3 Ne7 19.a4 a6 20.axb5 axb5 21.Rb1 Bd7 22.Rb2 Rfe8
23.f5 Nxf5 24.Nxf5 Bxf5 25.Rxb5 Be4 26.Bxe4 Qxe4 27.Qf3 Qe3+ 28.Qxe3 Rxe3
29.Rb7 f6 30.Rf3 Re2 31.Rf2 Re1+ 32.Rf1 Re4 33.Rc7 Ra8 34.Rxc4 Ra2 35.Kh1 Ree2
36.Rg1 Rac2 37.d5 Red2 38.Rd4 Rxd4 39.cxd4 Rd2 40.h3 Rxd4 41.Ra1 Rxd5 42.Ra7 h5
43.h4 Rd4 44.g3 Rd2 45.Ra5 g6 46.Ra7 Kf8 47.Kg1 f5 48.Rb7 Re2 49.Ra7 Re7
50.Ra6 Kf7 51.Kf2 Re6 52.Ra7+ Kf6 53.Kf3 Rb6 54.Ra3 Rc6 55.Rb3 Ke5  1/2-1/2

[Event "URS Cup rapid"]
[Site "Tallinn"]
[Date "1988.??.??"]
[Round "6"]
[White "Novikov, Igor A"]
[Black "Makarichev, Sergey"]
[Result "1/2-1/2"]
[WhiteElo "2485"]
[BlackElo "2485"]

1.d4 d5 2.c4 e6 3.Nf3 Be7 4.Nc3 f5 5.Bf4 c6 6.e3 Nf6 7.Bd3 O-O 8.Qc2 Ne4
9.g4 Kh8 10.gxf5 exf5 11.O-O-O Be6 12.Ne5 Nd7 13.f3 Nxc3 14.Qxc3 Bf6 15.Kb1 Qe7
16.Rhe1 Bxe5 17.dxe5 dxc4 18.Bxc4 Bxc4 19.Qxc4 Nxe5 20.Bxe5 Qxe5 21.Rd7 b5
22.Qxc6 Qxh2 23.Qxb5  1/2-1/2

[Event "URS Cup rapid"]
[Site "Tallinn"]
[Date "1988.??.??"]
[Round "8"]
[White "Novikov, Igor A"]
[Black "Gavrikov, Viktor"]
[Result "0-1"]
[WhiteElo "2485"]
[BlackElo "2545"]

1.d4 Nf6 2.c4 g6 3.Nc3 d5 4.Bf4 Bg7 5.e3 c6 6.Nf3 O-O 7.Bd3 Be6 8.c5 Bg4
9.Qb3 Bxf3 10.Qxb7 Bxg2 11.Rg1 Nbd7 12.Rxg2 e5 13.Bg3 Nh5 14.Qxc6 Nxg3 15.hxg3 exd4
16.exd4 Bxd4 17.Qxd5 Nxc5 18.Bc4 Nd3+ 19.Kf1 Nxb2 20.Nb5 Nxc4 21.Qxd4 Nd2+
22.Ke2 Re8+ 23.Kxd2 Qa5+  0-1

[Event "URS Cup rapid"]
[Site "Tallinn"]
[Date "1988.??.??"]
[Round "11"]
[White "Novikov, Igor A"]
[Black "Itkis, Boris"]
[Result "1-0"]
[WhiteElo "2485"]
[BlackElo "2295"]

1.d4 d6 2.e4 Nf6 3.f3 g6 4.c4 Bg7 5.Nc3 O-O 6.Nge2 c6 7.Be3 a6 8.a4 a5 9.Qd2 Nbd7
10.Rd1 Qb6 11.Nc1 Qb4 12.Be2 e5 13.O-O exd4 14.Bxd4 Nc5 15.Qc2 Be6 16.b3 Rfe8
17.Kh1 Rac8 18.N3a2 Qb6 19.Qc3 Nh5 20.Bxg7 Nxg7 21.Rxd6 Rcd8 22.Rfd1 Rxd6
23.Rxd6 Rd8 24.Qd4 Rxd6 25.Qxd6 h5 26.Qd1 h4 27.Nc3 Nh5 28.Qg1 Nf4 29.Bd1 Bc8
30.Bc2 Qd8 31.Qe3 Qg5 32.Qd2 Qe5 33.Nd1 Bd7 34.Qxa5 Qd6 35.Qc3 Nce6 36.e5 Qe7
37.Ne3  1-0

[Event "Tbilisi"]
[Site "Tbilisi"]
[Date "1988.??.??"]
[Round "?"]
[White "Novikov, Igor A"]
[Black "Gufeld, Eduard"]
[Result "1/2-1/2"]
[WhiteElo "2500"]
[BlackElo "2510"]

1.d4 Nf6 2.c4 g6 3.Nc3 Bg7 4.e4 d6 5.Nge2 O-O 6.Ng3 c5 7.d5 e6 8.Be2 exd5
9.cxd5 Na6 10.O-O Nc7 11.a4 a6 12.Rb1 Nd7 13.Bf4 Ne5 14.Qd2 h5 15.f3 b5 16.axb5 Nxb5
17.Nxb5 axb5 18.Bxb5 Qb6 19.Be2 Ra2 20.Nh1 Ba6 21.Nf2 Rb8 22.Nd1 Bxe2 23.Qxe2 Qb3
24.Nc3 Rxb2 25.Rxb2 Qxb2 26.Qxb2 Rxb2 27.Rb1 Rc2 28.Nb5 c4 29.Na3 Rc3 30.Nb5 Rb3
31.Rxb3 cxb3 32.Na3 f5 33.Kf1 fxe4 34.fxe4 Kf7 35.Ke2 b2 36.Nb1 h4 37.h3 Bf6
38.Kd2 g5 39.Bxe5 Bxe5 40.Kc2 Kf6 41.Nd2 Bf4 42.Nc4 Be5 43.Ne3 Bd4  1/2-1/2

[Event "Tbilisi"]
[Site "Tbilisi"]
[Date "1988.??.??"]
[Round "?"]
[White "Conquest, Stuart"]
[Black "Novikov, Igor A"]
[Result "0-1"]
[WhiteElo "2490"]
[BlackElo "2500"]

1.d4 d5 2.c4 e6 3.Nc3 c6 4.Nf3 Nf6 5.Bg5 dxc4 6.e4 b5 7.e5 h6 8.Bh4 g5 9.exf6 gxh4
10.Ne5 Qxf6 11.a4 c5 12.Be2 cxd4 13.Qxd4 Nd7 14.Qe4 Rb8 15.Nc6 Nc5 16.Nd5 Qxf2+
17.Kxf2 Nxe4+ 18.Kf1 exd5 19.Nxb8 b4 20.Nc6 Bc5 21.Rd1 Bd7 22.Nxb4 Bxb4 23.Rxd5 Bc6
24.Re5+ Kd7 25.Bf3 Nd2+ 26.Kf2 Nxf3 27.gxf3 Kd6 28.Rf5 Bc5+ 29.Kg2 Rg8+ 30.Kh3 Bf2
31.Rd1+ Ke6 32.Rf4 Bd5 33.Rd2 Ke5 34.Rg4 Rxg4 35.fxg4 Be3 36.Rd1 Bg5 37.a5 a6
38.Re1+ Kd6 39.Re8 Bc6 40.Rb8 Bb5 41.Kg2 Kc5 42.Kf3 Kb4 43.Ke4 Kxa5  0-1

[Event "Tbilisi"]
[Site "Tbilisi"]
[Date "1988.??.??"]
[Round "?"]
[White "Novikov, Igor A"]
[Black "Romanishin, Oleg M"]
[Result "1/2-1/2"]
[WhiteElo "2500"]
[BlackElo "2550"]

1.d4 Nf6 2.c4 e6 3.Nf3 c5 4.e3 d6 5.Nc3 Nbd7 6.Bd3 a6 7.O-O g6 8.b3 Bg7 9.Bb2 O-O
10.Qe2 b6 11.Rad1 Bb7 12.Bb1 Qc7 13.Rd2 Rfe8 14.Rfd1 Rad8 15.Ng5 d5 16.dxc5 bxc5
17.Nf3 Nb6 18.h3 dxc4 19.bxc4 Bxf3 20.gxf3 Rxd2 21.Rxd2 Rd8 22.Rxd8+ Qxd8
23.f4 Ne8 24.Bd3 Nd6 25.Nd1 Bxb2 26.Nxb2 e5 27.Qf3 e4 28.Bxe4 Qf6 29.Nd3 Qc3
30.Ne5 Nbxc4 31.Nxc4 Qxc4 32.Bd5 Qd3 33.Kg2 c4 34.e4 Qd4 35.f5 Kg7 36.fxg6 hxg6
37.Qf4 Nf5 38.Qc7 Nh4+ 39.Kg3 Qf6 40.f4 g5 41.Bxc4 Ng6 42.fxg5 Qc3+ 43.Kf2 Ne5
44.g6 Qf3+ 45.Ke1 Qe3+ 46.Kd1 Qd4+ 47.Kc2 Nxc4 48.Qxf7+ Kh6 49.Qf8+ Kxg6
50.Qg8+ Kh6 51.Qf8+ Kh5 52.Qf5+ Kh6 53.Qf8+  1/2-1/2

[Event "Tbilisi"]
[Site "Tbilisi"]
[Date "1988.??.??"]
[Round "?"]
[White "Novikov, Igor A"]
[Black "Tal, Mihail"]
[Result "1/2-1/2"]
[WhiteElo "2500"]
[BlackElo "2610"]

1.d4 d6 2.e4 Nf6 3.Nc3 g6 4.Nf3 Bg7 5.h3 O-O 6.Be3 c6 7.a4 Nbd7 8.a5 Qc7
9.Be2 Rb8 10.Qd2 b5 11.axb6 axb6 12.e5 dxe5 13.dxe5 Nd5 14.Nxd5 cxd5 15.Qxd5 Nxe5
16.Nxe5 Bxe5 17.O-O Bxb2 18.Rab1 Bf6 19.c4 Ba6 20.Rb4 e6 21.Qe4 Be7 22.Rb3 Bb7
23.Qf4 e5 24.Qg3 Bc5 25.Rfb1 Bc6 26.Bf3 Bxe3 27.Rxe3 Bxf3 28.Qxf3 Qxc4 29.Rxe5 Rfe8
30.Rxe8+ Rxe8 31.Qb7 b5 32.g3 Qd3 33.Rxb5 Re1+ 34.Kh2  1/2-1/2

[Event "Tbilisi"]
[Site "Tbilisi"]
[Date "1988.??.??"]
[Round "?"]
[White "Prandstetter, Eduard"]
[Black "Novikov, Igor A"]
[Result "1/2-1/2"]
[WhiteElo "2415"]
[BlackElo "2500"]

1.e4 c5 2.Nf3 d6 3.d4 cxd4 4.Nxd4 Nf6 5.Nc3 a6 6.Be2 e6 7.O-O Be7 8.f4 Qc7
9.Kh1 O-O 10.a4 Rd8 11.Be3 b6 12.Bf3 Bb7 13.Qe2 Nbd7 14.Rad1 Bf8 15.Bf2 Re8
16.Nb3 e5 17.f5 d5 18.exd5 e4 19.Bxe4 Bb4 20.d6 Qd8 21.Bxb7 Rxe2 22.Nxe2 Ra7
23.Bf3 Ne5 24.a5 Rd7 25.Bxb6 Qe8 26.Ng1 Nxf3 27.Nxf3 Rxd6 28.c3 Rxd1 29.Rxd1 Be7
30.Nc5 Qc8 31.b4 h6 32.b5 axb5 33.a6 Qc6 34.a7 Nd5 35.Rxd5 Qxd5 36.Na6 Bd6
37.Nd4 Kh7 38.Nb4 Qe4 39.Nf3 Qb1+ 40.Bg1 Qa1 41.Nc2 Qa2 42.Bb6 Bf4 43.Ng1 Be5
44.Nb4 Qa1 45.Nc2 Qa6 46.Ne2 Qa2 47.Ncd4 Qa1+ 48.Ng1 Qa6 49.Bc5 Qa4 50.Bb6 Qa6
51.h3 b4 52.cxb4 Qxb6 53.a8=Q Bxd4 54.Qe4  1/2-1/2

[Event "Perenyi mem-B"]
[Site "Budapest"]
[Date "1989.??.??"]
[Round "?"]
[White "Novikov, Igor A"]
[Black "Espig, Lutz"]
[Result "1/2-1/2"]
[WhiteElo "2490"]
[BlackElo "2470"]

1.d4 d6 2.e4 Nf6 3.Nc3 g6 4.Nf3 Bg7 5.h3 O-O 6.Be3 a6 7.a4 b6 8.Bc4 e6 9.O-O d5
10.Bd3 dxe4 11.Nxe4 Bb7 12.Nxf6+ Bxf6 13.Qe2 Nd7 14.Rad1 Qe7 15.Rfe1 c5 16.c3 cxd4
17.Nxd4 Nc5 18.Bc2 Rfe8 19.Nf3 Rad8 20.Bf4 Rxd1 21.Rxd1 Rd8 22.Ne5 Rxd1+
23.Qxd1 h5 24.Nc4 Nxa4 25.Bxa4 b5 26.Nd6 bxa4 27.Qxa4 e5 28.Nxb7 exf4 29.Qxa6 Bh4
30.Kf1 Qe4 31.Qb6 Qc2 32.Ke1 Bxf2+ 33.Qxf2 Qb1+ 34.Ke2 Qxb2+ 35.Kf1 Qxb7
36.Qxf4 Qb1+ 37.Ke2 Qc2+ 38.Qd2 Qe4+ 39.Kf2 h4 40.Qd8+ Kh7 41.Qf6 Kg8 42.Qd8+ Kh7
43.Qd4 Qf5+ 44.Ke2 Qc2+ 45.Kf3 Qf5+ 46.Ke3 Qg5+ 47.Qf4 Qc5+ 48.Kd2 Qd5+ 49.Ke1 Kg8
50.Qf3 Qc4 51.Kd2 f5 52.Qe2 Qd5+ 53.Ke1 Kf7  1/2-1/2

[Event "Perenyi mem-B"]
[Site "Budapest"]
[Date "1989.??.??"]
[Round "?"]
[White "Schneider, B."]
[Black "Novikov, Igor A"]
[Result "1/2-1/2"]
[WhiteElo "2470"]
[BlackElo "2490"]

1.c4 e6 2.Nc3 d5 3.d4 c6 4.Nf3 Nf6 5.cxd5 exd5 6.Bg5 Be7 7.Qc2 g6 8.e3 Bf5
9.Bd3 Bxd3 10.Qxd3 Nbd7 11.O-O O-O 12.Rab1 a5 13.Rfc1 Bd6 14.a3 Qe7 15.Re1 Qe6
16.e4 dxe4 17.Nxe4 Nxe4 18.Rxe4 Qf5 19.Rbe1 Nf6 20.Bxf6 Qxf6 21.Ne5 Rfd8
22.Qb3 Bxe5 23.dxe5 Qe6 24.Qe3 Rd5 25.Qh6 Rad8 26.Rh4 Qxe5 27.Qxh7+ Kf8  1/2-1/2

[Event "URS-sf Ukraine-ch"]
[Site "Kherson"]
[Date "1989.??.??"]
[Round "?"]
[White "Novikov, Igor A"]
[Black "Savchenko, Stanislav"]
[Result "1/2-1/2"]
[WhiteElo "2500"]
[BlackElo "2395"]

1.d4 Nf6 2.c4 c5 3.d5 g6 4.Nc3 Bg7 5.e4 d6 6.Nf3 O-O 7.Be2 e6 8.O-O exd5
9.cxd5 Re8 10.Nd2 a6 11.a4 Nbd7 12.Ra3 Ne5 13.Qc2 g5 14.Nd1 b6 15.Qb1 Ng6
16.Ne3 Ra7 17.f3 Rae7 18.b4 g4 19.bxc5 gxf3 20.gxf3 bxc5 21.Kh1 Nf4 22.Bd1 Re5
23.Ndc4 Rg5 24.Qb6 Qxb6 25.Nxb6 Bh3 26.Rg1 Rxg1+ 27.Kxg1 N6h5 28.Nf1 f5 29.Ng3 Bd4+
30.Be3 Nf6 31.Nc4 fxe4 32.fxe4 Nxe4 33.Bxd4 cxd4 34.Nxe4 Rxe4 35.Kf2 d3 36.Nxd6 Re7
37.Kg3 Re1 38.Bf3 Ne2+ 39.Bxe2 dxe2 40.Kf2 Rd1 41.Rg3+ Kf8 42.Kxe2 Rxd5 43.Rf3+ Kg8
44.Rg3+ Kf8 45.Rxh3 Rxd6 46.Rxh7 Rd4  1/2-1/2

[Event "URS-sf Ukraine-ch"]
[Site "Kherson"]
[Date "1989.??.??"]
[Round "?"]
[White "Palatnik, Semon"]
[Black "Novikov, Igor A"]
[Result "0-1"]
[WhiteElo "2460"]
[BlackElo "2500"]

1.c4 e6 2.g3 d5 3.Bg2 dxc4 4.Qa4+ Nd7 5.Qxc4 Ngf6 6.d3 c5 7.Nc3 Bd6 8.Qb3 O-O
9.a4 Ne5 10.Bf4 Nc6 11.Bxc6 Bxf4 12.Bg2 Bc7 13.Nf3 Rb8 14.O-O a6 15.Nd2 b6
16.Rfc1 Qe7 17.a5 bxa5 18.Qa3 Bb7 19.Bxb7 Rxb7 20.Nde4 Rb4 21.Nxf6+ gxf6
22.Ne4 Rfb8 23.Ra2 R8b5 24.Nd2 Be5 25.Nc4 Rb3 26.Qa4 Bxb2 27.Rxb2 Rxb2 28.Nxb2 Rxb2
29.Qxa5 Rxe2 30.Qxa6 Re5 31.Qc8+ Kg7 32.Rb1 Qd6 33.h4 Qd5 34.Qe8 Re2 35.Qb5 Rd2
36.Rc1 Rxd3 37.Kh2 Rd2 38.Qxc5 Qxc5 39.Rxc5 Rxf2+ 40.Kh3 f5  0-1

[Event "URS-sf Ukraine-ch"]
[Site "Kherson"]
[Date "1989.??.??"]
[Round "?"]
[White "Novikov, Igor A"]
[Black "Malaniuk, Vladimir P"]
[Result "1/2-1/2"]
[WhiteElo "2500"]
[BlackElo "2560"]

1.d4 d5 2.c4 Bf5 3.cxd5 Bxb1 4.Qa4+ c6 5.dxc6 Nxc6 6.Rxb1 e5 7.Bd2 exd4 8.g3 Bc5
9.Bg2 Ne7 10.Nh3 O-O 11.O-O Re8 12.Nf4 Bb6 13.Rbc1 Rc8 14.Rc2 Ng6 15.Rfc1 Nxf4
16.Bxf4 h6 17.Rd1 Qf6 18.Bxc6 Rxc6 19.Rxc6 bxc6 20.Qc4 d3  1/2-1/2

[Event "Kotov mem"]
[Site "Odessa"]
[Date "1989.??.??"]
[Round "?"]
[White "Novikov, Igor A"]
[Black "Rozentalis, Eduardas"]
[Result "1-0"]
[WhiteElo "2500"]
[BlackElo "2505"]

1.d4 Nf6 2.c4 e6 3.Nf3 b6 4.g3 Bb7 5.Bg2 Be7 6.O-O O-O 7.b3 c5 8.Nc3 cxd4
9.Qxd4 Nc6 10.Qf4 Qb8 11.Rd1 Rd8 12.Bb2 d6 13.e4 Ne5 14.Nd4 a6 15.h3 Qa7
16.Qe3 Rac8 17.Rd2 Ned7 18.Rad1 Qa8 19.Kh2 Bf8 20.Qe1 g6 21.Re2 Bg7 22.f3 Nh5
23.Red2 Qb8 24.Nde2 Nc5 25.Kh1 g5 26.g4 Nf4 27.Nxf4 gxf4 28.Qh4 e5 29.Bf1 Bc6
30.Ba3 a5 31.Bxc5 bxc5 32.Nb5 Bxb5 33.cxb5 Rd7 34.Bc4 Qb6 35.g5 Qd8 36.Qg4 Rb8
37.a4 Kh8 38.h4 Qe7 39.Rd5 Rdd8 40.Qg2 Bf8 41.Qd2 Qc7 42.Rg1 Be7 43.Rd3 Kg7
44.Rg4 Rg8 45.Qc3 Kf8 46.Rd2 Rg7 47.Rdg2 Re8 48.Qd2 Bd8 49.Rg1 Ke7 50.Qd5 Kf8
51.Rd1 Re6 52.Qc6 Reg6 53.h5 Rxg5 54.Rxg5 Rxg5 55.Qxd6+ Qxd6 56.Rxd6 Rxh5+
57.Kg2 Ke7 58.Ra6 Rg5+ 59.Kf2 Rg6 60.Ra7+ Kd6 61.Rxf7 h5 62.Rh7 h4 63.Ra7 Rf6
64.Kg2 Bc7 65.Kh3 Bb6 66.Rb7 Bd8 67.b6 Rf8 68.Bd5 c4 69.bxc4 Kc5 70.Rb8 Be7
71.Rxf8 Bxf8 72.b7 Bd6 73.Kxh4 Kb4 74.Kg5 Kxa4 75.c5 Bc7 76.Kf5 Kb5 77.Ke6 Kxc5
78.Kd7 Bd6 79.Bb3 Bb8 80.Kc8 Bd6 81.b8=Q Bxb8 82.Kxb8 Kb4 83.Bd1 Kc3 84.Kc7 Kd2
85.Bb3 Ke3 86.Kd6 Kxf3 87.Kxe5 Kg4 88.Kd4 f3 89.Bd1 Kf4 90.Bxf3  1-0

[Event "Rubinstein mem"]
[Site "Polanica Zdroj"]
[Date "1989.??.??"]
[Round "5"]
[White "Davies, Nigel R"]
[Black "Novikov, Igor A"]
[Result "1/2-1/2"]
[WhiteElo "2485"]
[BlackElo "2490"]

1.Nf3 Nf6 2.g3 d5 3.Bg2 c6 4.O-O Bg4 5.c4 Nbd7 6.cxd5 cxd5 7.Nc3 e6 8.Qb3 Bxf3
9.Bxf3 Nc5 10.Qb5+ Qd7 11.d3 Be7 12.b4 Na6 13.a3 Qxb5 14.Nxb5 Kd7 15.Bf4 Rhc8
16.Rac1 Ne8 17.Be3 Rxc1 18.Rxc1 Nac7 19.Nc3  1/2-1/2

[Event "Tuzla"]
[Site "Tuzla"]
[Date "1989.??.??"]
[Round "2"]
[White "Vasiljevic, Bozidar"]
[Black "Novikov, Igor A"]
[Result "1/2-1/2"]
[WhiteElo "2225"]
[BlackElo "2490"]

1.d4 Nf6 2.c4 e6 3.g3 d5 4.Bg2 dxc4 5.Nf3 a6 6.Ne5 c5 7.Be3 Nd5 8.dxc5 Nd7
9.Bd4 Nxe5 10.Bxe5 Bxc5 11.Bxg7 Rg8 12.Be5 Qg5 13.Bd4 Bxd4 14.Qxd4 Qc1+ 15.Qd1 Qxb2
16.Nd2 b5 17.O-O Bb7 18.Nxc4 Qb4 19.Nb6 Rd8 20.Nxd5 Bxd5  1/2-1/2

[Event "Tuzla"]
[Site "Tuzla"]
[Date "1989.??.??"]
[Round "5"]
[White "Novikov, Igor A"]
[Black "Mujic, Hamza"]
[Result "1-0"]
[WhiteElo "2490"]
[BlackElo "2320"]

1.d4 Nf6 2.c4 e6 3.Nf3 c5 4.d5 exd5 5.cxd5 b5 6.Bg5 Qa5+ 7.Nc3 Ne4 8.Bd2 Nxd2
9.Nxd2 d6 10.e4 a6 11.a4 b4 12.Ncb1 Be7 13.Bd3 O-O 14.O-O Bf6 15.Nc4 Qd8
16.a5 Ra7 17.Nbd2 g6 18.f4 Bg7 19.Qf3 Re7 20.Rae1 Rfe8 21.e5 dxe5 22.d6 Ra7
23.fxe5 Be6 24.Be4 Qh4 25.g3 Qh3 26.Bd5 Nd7 27.Qxf7+ Bxf7 28.Bxf7+ Kh8 29.Bxe8 Nf8
30.Bf7 Ne6 31.Ne4 Qg4 32.Kg2 Nd4 33.e6 Rxf7 34.exf7 Qc8 35.Nb6 Qd8 36.Nxc5 Qxd6
37.Re8+ Bf8 38.Ne4  1-0

[Event "Tuzla"]
[Site "Tuzla"]
[Date "1989.??.??"]
[Round "6"]
[White "Stoinev, Metodi"]
[Black "Novikov, Igor A"]
[Result "0-1"]
[WhiteElo "2340"]
[BlackElo "2490"]

1.e4 c5 2.c4 Nc6 3.Ne2 e6 4.Nbc3 Nf6 5.d4 d5 6.cxd5 exd5 7.exd5 Nxd5 8.dxc5 Ndb4
9.Qxd8+ Nxd8 10.Nd4 Bxc5 11.Bb5+ Bd7 12.Bxd7+ Kxd7 13.Be3 Nd3+ 14.Ke2 Nxb2
15.Ne4 Bb6 16.Rab1 Re8 17.Kf3 Nc4 18.Nf5 Bxe3 19.fxe3 Re5 20.g4 g6 21.Rhd1+ Kc7
22.Rb4 Rxe4 23.Kxe4 gxf5+ 24.gxf5 Nd6+ 25.Kf4 Nc6 26.Rb2 Nc4 27.Rc2 N4e5
28.Rd5 Nd7 29.e4 Re8 30.Rd1 b6 31.h4 Nc5 32.Re2 f6 33.Rg1 Re7 34.h5 Nd4 35.Re3 Nc2
36.Re2 Nd3+ 37.Kg3 Nd4  0-1

[Event "Tuzla"]
[Site "Tuzla"]
[Date "1989.??.??"]
[Round "11"]
[White "Novikov, Igor A"]
[Black "Maciejewski, Andrzej"]
[Result "1-0"]
[WhiteElo "2490"]
[BlackElo "2375"]

1.d4 g6 2.e4 c6 3.Nc3 d5 4.h3 Bg7 5.Nf3 dxe4 6.Nxe4 Nd7 7.Bd3 Ngf6 8.c3 Nxe4
9.Bxe4 Qc7 10.O-O O-O 11.Re1 e5 12.Bc2 exd4 13.Nxd4 Nc5 14.Qf3 Ne6 15.Nxe6 Bxe6
16.Bb3 Bxb3 17.axb3 Rfe8 18.Bf4 Qb6 19.b4 a6 20.Rad1 Rxe1+ 21.Rxe1 Qd8 22.Rd1 Qe7
23.Qe3 Qxe3 24.Bxe3 b5 25.Rd7 f5 26.Rc7 a5 27.bxa5 Rxa5 28.Rxc6 Ra1+ 29.Kh2 Ra2
30.b4 f4 31.Bxf4 Rxf2 32.Bg3 Rc2 33.Rc5 Rxc3 34.Rxb5 Rb3 35.Rb8+ Kf7 36.Rb7+ Kg8
37.Bd6 g5 38.Bc5 Be5+ 39.Kg1 h5 40.Kf1 Rb1+ 41.Ke2 Rb2+ 42.Kf3 Bf4 43.Rg7+ Kh8
44.Rxg5  1-0

[Event "Tuzla"]
[Site "Tuzla"]
[Date "1989.??.??"]
[Round "13"]
[White "Novikov, Igor A"]
[Black "Milovanovic, Rade"]
[Result "1/2-1/2"]
[WhiteElo "2490"]
[BlackElo "2415"]

1.d4 d5 2.Nf3 Nf6 3.c4 e6 4.Nc3 c5 5.cxd5 Nxd5 6.e3 Nc6 7.Bd3 g6 8.O-O cxd4
9.exd4 Bg7 10.Bg5 Nxc3 11.bxc3 Qa5 12.Qd2 O-O 13.Rab1 Qc7 14.Rfe1 e5 15.Bh6 exd4
16.Bxg7 Kxg7 17.cxd4 Bg4 18.Be4 Bxf3 19.Bxf3 Rad8 20.Qc3 Qa5 21.Qxa5 Nxa5
22.Bxb7 Rxd4 23.Bf3 Rfd8 24.Re7 R8d7 25.Rxd7 Rxd7 26.Rc1 Nb7 27.g3  1/2-1/2

[Event "Berliner Sommer"]
[Site "Berlin"]
[Date "1990.??.??"]
[Round "?"]
[White "Novikov, Igor A"]
[Black "Paehtz, Thomas Sr"]
[Result "1/2-1/2"]
[WhiteElo "2550"]
[BlackElo "2430"]

1.d4 Nf6 2.c4 g6 3.Nc3 Bg7 4.e4 d6 5.Nge2 c6 6.f3 a6 7.a4 a5 8.Be3 Na6 9.Qd2 Nb4
10.Rd1 O-O 11.Nc1 Ne8 12.Be2 f5 13.O-O Qc7 14.Kh1 Nf6 15.exf5 Bxf5 16.Nd3 Rfd8
17.Bg1 e5 18.dxe5 dxe5 19.Qe3 Nh5 20.Nc5 Nf4 21.N5e4 Rd4 22.g3 Nh3 23.g4 Bxe4
24.Nxe4 Nxg1 25.Kxg1 c5 26.Nc3 Qe7 27.Bd3 Qh4 28.Be4 Bh6 29.Qe2 Bf4 30.Nb5 Rad8
31.Nxd4 cxd4 32.Bxb7 d3 33.Qf2 Qe7 34.Be4 Rd4 35.Kh1 d2 36.Qg2 Qc5 37.b3 Na2
38.Rf2 Qb4 39.Bd5+ Kg7 40.g5 Qxb3 41.Rff1 Nc3 42.Qg4 Rxd5 43.cxd5 Qxd5 44.Qc8 Nxd1
45.Qc7+ Kf8 46.Qc8+  1/2-1/2

[Event "Debrecen"]
[Site "Debrecen"]
[Date "1990.??.??"]
[Round "1"]
[White "Kindermann, Stefan"]
[Black "Novikov, Igor A"]
[Result "1-0"]
[WhiteElo "2560"]
[BlackElo "2550"]

1.e4 c5 2.Nc3 d6 3.Nge2 Nf6 4.d4 cxd4 5.Nxd4 a6 6.Be2 e6 7.O-O Be7 8.f4 O-O
9.Bf3 Qc7 10.Be3 Nbd7 11.g4 Nb6 12.g5 Nfd7 13.Qe2 Re8 14.Rad1 Bf8 15.Qf2 Nc4
16.Bc1 b5 17.Bg2 Bb7 18.Qh4 g6 19.f5 b4 20.Nce2 Nc5 21.f6 d5 22.exd5 Bxd5
23.Bxd5 exd5 24.Nf4 Re4 25.Rf3 Rae8 26.Nf5 gxf5 27.Rh3 h6 28.gxh6 Ne5 29.Qg5+ Ng6
30.h7+ Kh8 31.Qxg6 Re1+ 32.Rxe1 Rxe1+ 33.Kg2 Re2+ 34.Kf1 Re1+ 35.Kxe1 Nd3+
36.Kf1  1-0

[Event "Debrecen"]
[Site "Debrecen"]
[Date "1990.??.??"]
[Round "3"]
[White "Romanishin, Oleg M"]
[Black "Novikov, Igor A"]
[Result "1/2-1/2"]
[WhiteElo "2525"]
[BlackElo "2550"]

1.Nf3 Nf6 2.g3 d5 3.Bg2 c6 4.O-O Bg4 5.c4 Nbd7 6.cxd5 cxd5 7.Nc3 e6 8.d4 Bd6
9.Bg5 Bxf3 10.Bxf3 h6 11.Bd2 O-O 12.Qb3 Qb6 13.e3 Rfc8 14.Rfc1 a6 15.Be1 Rc6
16.Qxb6 Nxb6 17.a4 Rac8 18.a5 Nc4 19.Rcb1 Be7 20.b4 Ne8 21.Na4 Ned6 22.Nc5 R6c7
23.Rb3 Bf6 24.Rd1 Nb5 25.Be2 Ncd6 26.f3 h5 27.Bf2 g6 28.h3 Re7 29.g4 hxg4
30.hxg4 Rce8 31.Kg2 g5 32.Rc1 e5 33.dxe5 Bxe5 34.Bxb5 Nxb5 35.Rd3 Rd8 36.Na4 Bb8
37.Nb6 d4 38.exd4 Re2 39.d5 Rb2 40.Rc8 Rxc8 41.Nxc8 Rc2 42.Ne7+ Kf8 43.Nf5 Ba7
44.Ne3 Bxe3 45.Rxe3 Rd2 46.Re5 Nc3 47.d6 f6 48.Rc5 Nd1 49.Rc8+ Kf7 50.d7 Rxd7
51.Bc5  1/2-1/2

[Event "Debrecen"]
[Site "Debrecen"]
[Date "1990.??.??"]
[Round "9"]
[White "Novikov, Igor A"]
[Black "Chernin, Alexander"]
[Result "1/2-1/2"]
[WhiteElo "2550"]
[BlackElo "2600"]

1.d4 Nf6 2.c4 c6 3.Nc3 d5 4.Nf3 e6 5.cxd5 exd5 6.Bg5 Be7 7.Qc2 g6 8.e3 Bf5
9.Bd3 Bxd3 10.Qxd3 O-O 11.O-O Nbd7 12.Rab1 a5 13.a3 Re8 14.Qc2 Ne4 15.Bxe7 Qxe7
16.Nxe4 Qxe4 17.Rfc1 Qxc2 18.Rxc2 Nb6 19.Ne5 f6 20.Nd3 Nc4 21.a4 Nd6 22.b3 Kg7
23.h3  1/2-1/2

[Event "Debrecen"]
[Site "Debrecen"]
[Date "1990.??.??"]
[Round "10"]
[White "Dorfman, Josif D"]
[Black "Novikov, Igor A"]
[Result "1/2-1/2"]
[WhiteElo "2595"]
[BlackElo "2550"]

1.d4 Nf6 2.c4 e6 3.g3 d5 4.Nf3 dxc4 5.Bg2 a6 6.O-O b5 7.Ne5 Nd5 8.a4 Bb7
9.axb5 axb5 10.Rxa8 Bxa8 11.b3 c3 12.e4  1/2-1/2